00976nam a22002417a 450000500170000001000130001702000220003003500130005203700160006504000120008108200130009310000260010624502320013226000290036427000350039330000240042850000500045265000320050265000350053494200220056999900190059195201240061020170124105933.0 aA-896111 c300.00a818517377 aA-896111 bCen Lib/Ret aDPLbEN a370bAGG aAggarwal, J. C.92161 aMajor recommendations of international commission on education for the twenty-first century and their implications :cby J C Aggarwalb recent diverse issues in education : world educational data : comparative country profile / aDelhibDoaba Housec1997 a1688, Nai SarakbDelhie110006 avii,229p.c22cm(Hb) aIncludes bibliographical references and index aComparative education98741 aEducation -- Forecasting98742 2ddccENh370mAGG c123965d123965 00104070aLbLd2015-06-13eCen Lib/Retg300.00l0o370 AGApA-896111r2015-06-13 00:00:00t1v300.00w2015-06-13yEN